00620nam a22001577a 4500003000900000008004100009040007100050082001900121100002700140245002900167260003300196300003000229505015600259650002000415650002700435AR-CdUCM190319b ||||| |||| 00| 0 spa d aMUNICIPALIDAD PROVINCIAL DEL CUSCOcBIBLIOTECA MUNICIPAL DEL CUSCO a985.21 /bST84 aStubbs, Ricardo Walter aRonda de los recuerdos / aLima :bEl Universal,c1942. a144 páginas ;c19.5 cm. aContenido: La merced, relicario de historia -- Un retablo, una tizona, un corazon -- El alma de los barrios -- ¡Guadalupe! -- Visita de hospitales ... aHistoria Perú aViajes y descripciones